000 00643nam a2200217Ia 4500
003 OSt
005 20250308100644.0
008 210719s1972 xx 000 0 und d
040 _cAL
041 _aTulu
082 _aT894.2 SANE
100 _aSANJIVA (A)
_dಸಂಜೀವ (ಎ)
_9205075
245 _aEnna mami
_bಎನ್ನ ಮಾಮಿ
260 _aMangaluru
_bNityananda Granthalaya
_c1972
300 _a102
_bPB
365 _cRs
650 _aTulu Drama
_9205076
650 _a ತುಳು ಸಾಮಾಜಿಕ ನಾಟಕ Tulu samajika nataka
_9205077
906 _aEnna ; maami ; nataka ; samajika ; Tulu
942 _2ddc
_cBK
999 _c214735
_d214735